[Event "SRB-chT Central"]
[Site "Pozarevac"]
[Date "2012.02.18"]
[Round "8"]
[White "Gagic, Miroljub"]
[Black "Jenic, Aleksandar"]
[Result "1-0"]
[WhiteElo "1883"]
[BlackElo "1893"]
[PlyCount "49"]
[EventDate "2012.02.13"]
[EventType "team-swiss"]
[EventRounds "9"]
[EventCountry "SRB"]
[SourceTitle "CBM 146 Extra"]
[Source "ChessBase"]
[SourceDate "2012.02.29"]
[SourceVersion "1"]
[SourceVersionDate "2012.02.29"]
[SourceQuality "1"]

1. c4 Nf6 2. Nc3 g6 3. Nf3 Bg7 4. g3 0-0 5. Bg2 d5 6. cxd5 Nxd5 7. 0-0 c5 8. Qa4 Nxc3 9. bxc3 Nc6 10. Rb1 Qc7 11. Ba3 b6 12. d4 cxd4 13. Nxd4 Nxd4 14. cxd4 Bb7 15. Rbc1 Qb8 16. e4 Rd8 17. Rfd1 e6 18. Be7 Re8 19. Qd7 Bf8 20. Bxf8 Rxf8 21. Rc7 Bc8 22. Qe7 a5 23. h4 h5 24. e5 Ra6 25. Be4 1-0